Tales From My Heart/ (Record no. 198702)
[ view plain ]
| 000 -LEADER | |
|---|---|
| fixed length control field | 00636nam a22001817a 4500 |
| 005 - DATE AND TIME OF LATEST TRANSACTION | |
| control field | 20231005134019.0 |
| 020 ## - INTERNATIONAL STANDARD BOOK NUMBER | |
| International Standard Book Number | 9789395073066 |
| Terms of availability | 199.00 |
| 082 ## - DEWEY DECIMAL CLASSIFICATION NUMBER | |
| Classification number | S |
| Edition number | First |
| 100 ## - MAIN ENTRY--PERSONAL NAME | |
| Personal name | Bond, Ruskin |
| 245 ## - TITLE STATEMENT | |
| Title | Tales From My Heart/ |
| Statement of responsibility, etc | by Ruskin Bond and Illustrated by Sumouli Dutta |
| 250 ## - EDITION STATEMENT | |
| Edition statement | First |
| 260 ## - PUBLICATION, DISTRIBUTION, ETC. (IMPRINT) | |
| Place of publication, distribution, etc | Chennai |
| Name of publisher, distributor, etc | Westland Books |
| Date of publication, distribution, etc | 2021 |
| 270 ## - ADDRESS | |
| Address | No. 269/2B, First, Floor, Irai Arul Vimalraj Street, Netaji Nagar, Allappakkam Main Road, Maduravoyal |
| City | Chennai |
| Postal code | 600095 |
| 300 ## - PHYSICAL DESCRIPTION | |
| Extent | 112p. |
| Other physical details | 18cm(pbk) |
| 700 ## - ADDED ENTRY--PERSONAL NAME | |
| Personal name | Dutta, Sumouli |
| 9 (RLIN) | 57678 |
| 942 ## - ADDED ENTRY ELEMENTS (KOHA) | |
| Source of classification or shelving scheme | Dewey Decimal Classification |
| Item type | English Books |
| Classification part | S |
| Call number suffix | BON |
| Withdrawn status | Lost status | Not for loan | Collection code | Home library | Current library | Date acquired | Source of acquisition | Cost, normal purchase price | Full call number | Barcode | Copy number | Cost, replacement price | Koha item type |
|---|---|---|---|---|---|---|---|---|---|---|---|---|---|
| Non-fiction | Mobile Library | Mobile Library | 05/10/2023 | gift/4.09.23 | 199.00 | S BON | B-755898 | 1 | 199.00 | English Books |
